| 000 | 00475nam a22001577a 4500 | ||
|---|---|---|---|
| 003 | NUST - PNEC | ||
| 005 | 20170116180827.0 | ||
| 008 | 150727b xxu||||| |||| 00| 0 eng d | ||
| 020 | _a- | ||
| 040 | _cLIBRARY | ||
| 082 | _a512.5 EME | ||
| 100 |
_94414 _aEmerson, Lloyd S. |
||
| 245 |
_aLinear algebra, calculus, and probability: Fundamental mathematics for the social and management sciences _cLloyd S. Emerson |
||
| 650 |
_94415 _aAlgebra, Calculus _xME |
||
| 942 |
_2ddc _cBK |
||
| 999 |
_c63907 _d63907 |
||